00651 2200229 4500001002100000005001700021008004100038035002400079040001200103082001000115090001700125100001800142245009300160250001600253260003400269300002500303500003000328650002100358850001200379990001500391990001500406YOGYA-0209000002086520090227023452.0 ind  0010-020900000020865 aYOPDYOG a651.4 a651.4bThe P aTHE LIANG GIE aPengertian kedudukan dan perincian ilmu administrasicThe Liang Gie; revisi oleh Sutarto aEd.2, cet.6 aYogyakartabSupersuksesc1981 a100 hlmbilusc24 cm aBibliogarafi : hlm. 83-86 aManajemen kantor aYOPDYOG aP000016555 aP000016557